| 000 | 00599nam a2200229Ia 4500 | ||
|---|---|---|---|
| 008 | 160803s9999 xx 000 0 und d | ||
| 020 | _a978-1606864098 | ||
| 100 | _aStine, R.L | ||
| 245 | _aBe careful what you wish for / | ||
| 245 | _cR.L. Stine. | ||
| 260 | _aNew York : | ||
| 260 | _bScholastic Inc. | ||
| 260 | _c2009 | ||
| 300 | _a122, [27] pages ; | ||
| 300 | _c20 cm. | ||
| 440 | _aGoosebumps original series ; | ||
| 440 | _vvol. 12 | ||
| 500 | _aScholastic Reading Program. Lexile 570. Pts. 6. | ||
| 650 | _aFantasy fiction. | ||
| 650 | _aHorror tales. | ||
| 700 | _a570 | ||
| 999 |
_c298559 _d298559 |
||